|
|
|
|
| LEADER |
02132nam a2200457 i 4500 |
| 001 |
mzk03001232622 |
| 003 |
CZ BrMZK |
| 005 |
20170102102030.0 |
| 007 |
ta |
| 008 |
161130s1731 gw fr|||||00| ||latod |
| 040 |
|
|
|a BOA001
|b cze
|e rda
|
| 072 |
|
7 |
|a 27-4
|x Praktická teologie. Morální teologie
|2 Konspekt
|9 5
|
| 072 |
|
7 |
|a 094
|x Staré tisky
|2 Konspekt
|9 12
|
| 080 |
|
|
|a 27-232/-236
|2 MRF
|
| 080 |
|
|
|a 27-42
|2 MRF
|
| 080 |
|
|
|a 025.171
|2 MRF
|
| 080 |
|
|
|a (0.068)094
|2 MRF
|
| 100 |
1 |
|
|a Berchorius, Petrus,
|d asi 1290-asi 1362
|7 ola2002153940
|4 aut
|
| 245 |
1 |
0 |
|a R. P. PETRI BERCHORII PICTAVIENSIS, ORDINIS S. BENEDICTI REDUCTORIUM MORALE, SIVE TOMUS SECUNDUS, DE RERUM PROPRIETATIBUS In XIV. Libros divisus. Quorum Elenchum altera pagina indicat.
|n TOMUS SECUNDUS
|
| 250 |
|
|
|a Editio postrema correcta, à variis mendis recognita, ac locis tam S. Scripturae quàm Patrum aucta
|
| 264 |
|
1 |
|a COLONIAE AGRIPPINAE :
|b Sumptibus JOANNIS WILHELMI HUISCH, Bibliopolae,
|c 1731
|
| 300 |
|
|
|a 4 nečíslované strany, 644 stran ;
|c 2°
|
| 336 |
|
|
|a text
|b txt
|2 rdacontent
|
| 337 |
|
|
|a bez média
|b n
|2 rdamedia
|
| 338 |
|
|
|a svazek
|b nc
|2 rdacarrier
|
| 500 |
|
|
|a Výzdoba: Na titulním listu nad impresem mědirytinový signet s vyobrazením ctností s nápisovou páskou VIRTUTE DUCE MAIOR HORUM CHARITAS COMITE FORTUNA, uprostřed kartuše s iniciálami tiskaře JWH, viněta, vlysy z typografických ozdůbek, iniciála, text tištěn dvousloupcově
|
| 500 |
|
|
|a Rozsah: [4], 644 s.
|
| 501 |
|
|
|a Přívazek 1 k: Opera omnia... / Petrus Berchorius
|
| 590 |
|
|
|a Poškozeno foxingem
|
| 650 |
|
7 |
|a biblické texty
|7 ph118860
|2 czenas
|
| 650 |
|
7 |
|a morální teologie
|7 ph115355
|2 czenas
|
| 650 |
|
7 |
|a historické knihovní fondy
|7 ph172933
|2 czenas
|
| 655 |
|
7 |
|a staré tisky
|7 fd422076
|2 czenas
|
| 903 |
|
|
|a RP
|
| 910 |
|
|
|a NAG950
|b B - XXIII. B. 3,b,1,přív.1
|
| 978 |
|
|
|b Huisch, Johann Joseph
|a Köln a.R.
|c 1731
|
| 984 |
|
|
|a Kolín nad Rýnem
|b Německo
|
| 985 |
|
|
|a 1701-1750
|
| 990 |
|
|
|a BK
|
| 991 |
|
|
|k broumov
|
| 994 |
|
|
|a UP
|l MZK03
|b 001232621
|m přívazek 1
|n záznam 1. díla (pro objednání pokračujte kliknutím)
|